000
00273nam a22001337a 4500
008
171228b xxu||||| |||| 00| 0 eng d
020
_a
1563636727
041
_a
eng
080
_a
610
100
_a
4
101
_a
SHM
245
_a
Neofax
_c
Young, TH.E
942
_2
udc
_c
BK
999
_c
39529
_d
39529